Mauritius-Quiz - Statistiken

Allgemein
  • Dieses Quiz wurde 1.773 mal gespielt
  • Das Durchschnittsergebnis liegt bei 8 aus 15
Antwortstatistiken
Frage Antwort % Korrekt
Ozean, in welchem sich Mauritius befindet Indischer Ozean
92%
Land, von dem Mauritius 1968 unabhängig wurde Vereinigtes Königreich
84%
Einziges Land, das später als Mauritius zum ersten Mal besiedelt wurde (Tipp: ein anderer afrikanischer Inselstaat) Seychellen
79%
Flugunfähiger Vogel, der kürzlich nach der Besiedlung der Insel ausstarb Dodo
77%
... die auf diese verbreitete Sprache basiert ist Französisch
71%
Hauptstadt von Mauritius Port Louis
67%
Religion mit den meisten Angehörigen Hinduismus
65%
Land, das 1638 Mauritius als erstes besiedelte Niederlande
62%
Name der Hauptinsel von Mauritius Mauritius
41%
Meist gesprochene Sprache Morisyen
35%
Hauptexportgut des 19. Jahrhunderts Zucker
32%
Währung von Mauritius Rupie
26%
Kolonialer Name Mauritius, 1715-1810 Île de {France}
25%
Zweitgrößte Insel Rodrigues
15%
Nahe Inselgruppe, dessen Hauptinsel Diego Garcia Mauritius zu kontrollieren versucht {Chagos}-Archipel
13%
Keine übereinstimmenden Quizze gefunden
Verteilung der Resultate
Anzahl Personen mit jedem Resultat
Perzentil nach korrekt beantworteten Fragen
Ihre Resultats-Entwicklung
Sie haben dieses Quiz noch nicht gespielt